| 000 | 00366 a2200157 4500 | ||
|---|---|---|---|
| 001 | 44261 | ||
| 020 | _a8587420259 | ||
| 040 | _cAnchieta - Aquarius | ||
| 100 | _aBelinky, Tatiana | ||
| 240 | 1 | 0 |
_aBrincaliques quase travalĂnguas _lpor |
| 245 | 1 | 0 | _aBrincaliques quase travalĂnguas |
| 300 | _a | ||
| 362 | 0 | _a2003 | |
| 650 | 4 | _aLiteratura infantil | |
| 942 | _cBK | ||
| 999 |
_c44261 _d44261 |
||